000 00988cam a2200253 4500
001 WB3709-27
008 000000n2001 000 0 eng u
035 _a(Sirsi) u111194
245 _a£11M war chest for land buying
260 _c2001
490 _aScotsman
_v27 February 2001, 10(1)
520 _a£10.8m is to be distributed by the Scottish Land Fund to rural communities to enable them to be fully involved in the ownership, management and development of the land they live on. The Fund, financed by the National Lottery, will offer up to £1m for individual estate buy-outs, whilst a fast track scheme will provide funding for feasibility studies to examine the possibility of buying land.
590 _aWB
650 _aBUY-OUTS
650 _aCOMMUNITY OWNERSHIP
650 _aCROFTING
650 _aGRANTS
650 _aLAND REFORM
650 _aNATIONAL LOTTERY
650 _aSCOTLAND
650 _aSCOTTISH LAND FUND
690 _aRural
_96268
942 _n0
999 _c66244
_d66244